000
00238nam a2200097Ia 4500
001
900686
005
20250826184819.0
008
250824s9999 xx 000 0 und d
245
0
_a
AŞKLA KAL
_c
KAHRAMAN TAZEOĞLU
260
_b
DESTEK YAYINLARI
999
_c
900686
_d
900686